[Event "2nd Irena Warakomska Memorial-A"]
[Site "Suwalki"]
[Date "2018.08.07"]
[Round "8"]
[White "Tarun, V Kanth"]
[Black "Schippers, Maurice"]
[Result "1/2-1/2"]
[WhiteElo "2102"]
[BlackElo "2303"]
[Annotator "NA"]
[PlyCount "79"]
[EventDate "2018.08.01"]
[EventType "swiss"]
[EventCountry "POL"]
[SourceTitle "playchess.com"]
[Source "ChessBase"]
[SourceQuality "1"]
[TimeControl "40/5400+30:1800+30"]

1. d4 {[%emt 0:00:00]} d5 {[%emt 0:00:00]} 2. c4 {[%emt 0:00:00]} e6 {[%emt 0:00:00]} 3. Nc3 {[%emt 0:00:00]} Nf6 {[%emt 0:00:00]} 4. cxd5 {[%emt 0:00:11]} exd5 {[%emt 0:00:00]} 5. Bg5 {[%emt 0:00:13]} Be7 {[%emt 0:00:05]} 6. e3 {[%emt 0:00:13]} c6 {[%emt 0:00:03]} 7. Bd3 {[%emt 0:00:10]} O-O {[%emt 0:00:45]} 8. Qc2 {[%emt 0:01:09]} h6 {[%emt 0:00:40]} 9. Bh4 {[%emt 0:00:15]} Re8 {[%emt 0:00:23]} 10. Nge2 {[%emt 0:01:33]} Nbd7 {[%emt 0:02:53]} 11. f3 {[%emt 0:00:58]} c5 {[%emt 0:11:22]} 12. O-O {[%emt 0:01:09]} Nf8 {[%emt 0:05:56]} 13. Rad1 {[%emt 0:27:06]} c4 {[%emt 0:02:04]} 14. Bf5 {[%emt 0:02:24]} Be6 {[%emt 0:12:21]} 15. Bxe6 {[%emt 0:07:47]} fxe6 {[%emt 0:02:29]} 16. e4 {[%emt 0:03:04]} g5 {[%emt 0:10:42]} 17. Bg3 {[%emt 0:01:29]} Qd7 {[%emt 0:00:39]} 18. f4 {[%emt 0:11:21]} Nh5 {[%emt 0:15:18]} 19. f5 {[%emt 0:06:33]} exf5 {[%emt 0:13:48]} 20. Nxd5 {[%emt 0:01:46]} fxe4 {[%emt 0:07:16]} 21. Qxc4 {[%emt 0:01:30]} Qe6 {[%emt 0:02:52]} 22. Qb3 {[%emt 0:05:23]} Rac8 {[%emt 0:01:55]} 23. Be5 {[%emt 0:12:40]} Ng6 {[%emt 0:01:41]} 24. Ng3 {[%emt 0:00:41]} Nxg3 {[%emt 0:03:54]} 25. Nf6+ {[%emt 0:01:03]} Bxf6 {[%emt 0:01:31]} 26. Rxf6 {[%emt 0:00:02]} Ne2+ {[%emt 0:01:15]} 27. Kf2 {[%emt 0:00:13]} Qxb3 {[%emt 0:00:12]} 28. Rxg6+ {[%emt 0:00:06]} Kf7 {[%emt 0:02:37]} 29. Rf6+ {[%emt 0:00:16]} Ke7 {[%emt 0:00:06]} 30. axb3 {[%emt 0:00:05]} Rc2 {[%emt 0:01:13]} 31. Ke3 {[%emt 0:01:56]} Nf4 {[%emt 0:00:11]} 32. Kxe4 {[%emt 0:00:06]} Rxb2 {[%emt 0:00:50]} 33. Rxh6 {[%emt 0:02:42]} Rxb3 {[%emt 0:00:31]} 34. Rc1 {[%emt 0:04:18]} Nxg2 {[%emt 0:00:52]} 35. Rc7+ {[%emt 0:02:31]} Kd8 {[%emt 0:00:00]} 36. Rhh7 {[%emt 0:00:00]} Rf8 {[%emt 0:00:54]} 37. Bd6 {[%emt 0:03:51]} Re8+ {[%emt 0:00:39]} 38. Kf5 {[%emt 0:00:00]} Ne3+ {[%emt 0:00:16]} 39. Kxg5 Rg8+ 40. Rcg7 {[%emt 0:00:00]} 1/2-1/2

[Event "2nd Irena Warakomska Memorial-A"]
[Site "Suwalki"]
[Date "2018.08.07"]
[Round "8"]
[White "Dmochowska, Agnieszka"]
[Black "Roy, Prantik"]
[Result "0-1"]
[WhiteElo "2096"]
[BlackElo "2377"]
[Annotator "NA"]
[PlyCount "214"]
[EventDate "2018.08.01"]
[EventType "swiss"]
[EventCountry "POL"]
[SourceTitle "playchess.com"]
[Source "ChessBase"]
[SourceQuality "1"]
[TimeControl "40/5400+30:1800+30"]

1. e4 {[%emt 0:01:10]} e5 {[%emt 0:00:02]} 2. Nf3 {[%emt 0:00:05]} Nf6 {[%emt 0:00:13]} 3. Nxe5 {[%emt 0:00:13]} d6 {[%emt 0:00:07]} 4. Nf3 {[%emt 0:00:06]} Nxe4 {[%emt 0:00:05]} 5. d4 {[%emt 0:00:20]} d5 {[%emt 0:00:13]} 6. Bd3 {[%emt 0:01:31]} Be7 {[%emt 0:00:57]} 7. O-O {[%emt 0:01:46]} O-O {[%emt 0:00:08]} 8. Nc3 {[%emt 0:00:30]} Bf5 {[%emt 0:05:42]} 9. Re1 {[%emt 0:03:35]} Nxc3 {[%emt 0:00:10]} 10. bxc3 {[%emt 0:00:09]} Bxd3 {[%emt 0:00:06]} 11. Qxd3 {[%emt 0:01:49]} Nd7 {[%emt 0:03:12]} 12. c4 {[%emt 0:02:14]} dxc4 {[%emt 0:00:25]} 13. Qxc4 {[%emt 0:00:35]} Nb6 {[%emt 0:00:43]} 14. Qd3 {[%emt 0:05:11]} Re8 {[%emt 0:04:55]} 15. c4 {[%emt 0:13:59]} Bf6 {[%emt 0:02:21]} 16. Rxe8+ {[%emt 0:08:36]} Qxe8 {[%emt 0:00:11]} 17. Bg5 {[%emt 0:00:54]} Bxg5 {[%emt 0:07:05]} 18. Nxg5 {[%emt 0:00:11]} g6 {[%emt 0:00:05]} 19. Rc1 {[%emt 0:14:07]} Rd8 {[%emt 0:03:35]} 20. Qh3 {[%emt 0:05:33]} h5 {[%emt 0:00:46]} 21. Qe3 {[%emt 0:00:32]} Qd7 {[%emt 0:12:28]} 22. Qf4 {[%emt 0:06:05]} Qe7 {[%emt 0:05:10]} 23. h4 {[%emt 0:04:02]} Nc8 {[%emt 0:13:00]} 24. g3 {[%emt 0:08:33]} Nd6 {[%emt 0:01:11]} 25. d5 {[%emt 0:01:04]} Nf5 {[%emt 0:01:20]} 26. Rb1 {[%emt 0:02:02]} b6 {[%emt 0:03:17]} 27. Kg2 {[%emt 0:00:14]} Re8 {[%emt 0:01:32]} 28. Rc1 {[%emt 0:03:37]} Qc5 {[%emt 0:10:07]} 29. Rc2 {[%emt 0:01:47]} a5 {[%emt 0:05:10]} 30. Qf3 {[%emt 0:03:02]} Re7 {[%emt 0:03:15]} 31. Qd3 {[%emt 0:00:17]} Nd6 {[%emt 0:01:04]} 32. a3 {[%emt 0:06:55]} Nf5 {[%emt 0:02:54]} 33. Rd2 {[%emt 0:01:51]} Re1 {[%emt 0:01:17]} 34. Qc3 {[%emt 0:01:15]} Re7 {[%emt 0:06:29]} 35. Rb2 {[%emt 0:01:33]} Nd6 {[%emt 0:00:59]} 36. Rc2 {[%emt 0:00:29]} b5 {[%emt 0:01:36]} 37. cxb5 {[%emt 0:00:56]} Qxd5+ {[%emt 0:00:32]} 38. Qf3 {[%emt 0:01:11]} Qxb5 {[%emt 0:00:34]} 39. Rc1 {[%emt 0:00:27]} Nf5 {[%emt 0:01:23]} 40. Qc6 {[%emt 0:00:00]} Qb2 {[%emt 0:00:00]} 41. Qc3 {[%emt 0:03:32]} Qe2 {[%emt 0:06:55]} 42. Kg1 {[%emt 0:05:09]} a4 {[%emt 0:01:32]} 43. Rb1 {[%emt 0:05:47]} Nd6 {[%emt 0:06:18]} 44. Qd4 {[%emt 0:07:40]} Qc2 {[%emt 0:05:00]} 45. Rb2 {[%emt 0:03:01]} Re1+ {[%emt 0:01:31]} 46. Kg2 {[%emt 0:00:59]} Qc6+ {[%emt 0:00:43]} 47. Nf3 {[%emt 0:00:41]} Re4 {[%emt 0:02:10]} 48. Qf6 {[%emt 0:01:17]} Re6 {[%emt 0:01:28]} 49. Rb8+ {[%emt 0:02:52]} Ne8 {[%emt 0:01:17]} 50. Qb2 {[%emt 0:00:29]} Kh7 {[%emt 0:04:08]} 51. Qb7 {[%emt 0:00:48]} Qxb7 {[%emt 0:00:46]} 52. Rxb7 {[%emt 0:00:01]} Kg7 {[%emt 0:00:44]} 53. Rb4 {[%emt 0:01:02]} Ra6 {[%emt 0:00:06]} 54. Rc4 {[%emt 0:00:05]} Ra5 {[%emt 0:01:45]} 55. Nd4 {[%emt 0:00:51]} Kf8 {[%emt 0:00:53]} 56. Kf3 {[%emt 0:00:38]} Ra6 {[%emt 0:00:31]} 57. Nb5 {[%emt 0:00:46]} Rf6+ {[%emt 0:01:33]} 58. Ke3 {[%emt 0:00:22]} Re6+ {[%emt 0:00:20]} 59. Kf3 {[%emt 0:00:57]} Rf6+ {[%emt 0:01:51]} 60. Ke3 {[%emt 0:00:01]} Rb6 {[%emt 0:00:52]} 61. Nd4 {[%emt 0:00:23]} Ra6 {[%emt 0:00:27]} 62. Nb5 {[%emt 0:00:14]} Nd6 {[%emt 0:00:16]} 63. Nxd6 {[%emt 0:01:37]} cxd6 {[%emt 0:00:02]} 64. Kd4 {[%emt 0:00:57]} Ke7 {[%emt 0:00:15]} 65. Kd5 {[%emt 0:00:40]} Kd7 {[%emt 0:00:23]} 66. Rb4 {[%emt 0:00:49]} Ra5+ {[%emt 0:00:07]} 67. Kd4 {[%emt 0:00:06]} Ke6 {[%emt 0:00:30]} 68. Rc4 {[%emt 0:01:13]} Kf5 {[%emt 0:03:03]} 69. f3 {[%emt 0:00:57]} f6 {[%emt 0:00:26]} 70. Kd3 {[%emt 0:01:20]} g5 {[%emt 0:02:20]} 71. g4+ {[%emt 0:01:04]} Kg6 {[%emt 0:01:45]} 72. gxh5+ {[%emt 0:00:10]} Kxh5 {[%emt 0:00:02]} 73. hxg5 {[%emt 0:00:06]} Kxg5 {[%emt 0:00:17]} 74. Rd4 {[%emt 0:00:20]} d5 {[%emt 0:01:20]} 75. Ke3 {[%emt 0:00:14]} Kf5 {[%emt 0:00:07]} 76. Kd3 {[%emt 0:00:04]} Ke5 {[%emt 0:00:06]} 77. Rb4 {[%emt 0:01:02]} Ra6 {[%emt 0:00:36]} 78. Ke3 {[%emt 0:00:50]} Ra8 {[%emt 0:00:53]} 79. Kd3 {[%emt 0:00:05]} Kd6 {[%emt 0:00:24]} 80. Ke3 {[%emt 0:01:16]} Kc5 {[%emt 0:00:26]} 81. Kd3 {[%emt 0:00:06]} Ra6 {[%emt 0:00:33]} 82. Rf4 {[%emt 0:00:45]} f5 {[%emt 0:00:47]} 83. Rb4 {[%emt 0:00:33]} Ra8 {[%emt 0:00:42]} 84. Rf4 {[%emt 0:00:14]} Rb8 {[%emt 0:00:26]} 85. Rxa4 {[%emt 0:00:16]} Rb3+ {[%emt 0:00:02]} 86. Ke2 {[%emt 0:00:17]} d4 {[%emt 0:00:09]} 87. Ra8 {[%emt 0:01:28]} Rb2+ {[%emt 0:00:47]} 88. Kd3 {[%emt 0:00:16]} Rb3+ {[%emt 0:00:04]} 89. Ke2 {[%emt 0:00:02]} Re3+ {[%emt 0:00:14]} 90. Kd2 {[%emt 0:01:09]} Rxf3 {[%emt 0:00:08]} 91. a4 {[%emt 0:00:26]} Ra3 {[%emt 0:00:40]} 92. a5 {[%emt 0:00:58]} f4 {[%emt 0:00:31]} 93. a6 {[%emt 0:00:33]} f3 {[%emt 0:00:46]} 94. Rf8 {[%emt 0:00:19]} Ra2+ {[%emt 0:01:21]} 95. Kd1 {[%emt 0:00:32]} f2 {[%emt 0:01:00]} 96. a7 {[%emt 0:00:39]} Rxa7 {[%emt 0:00:11]} 97. Rc8+ {[%emt 0:00:33]} Kd5 {[%emt 0:00:09]} 98. Ke2 {[%emt 0:00:16]} Rf7 {[%emt 0:00:20]} 99. Rd8+ {[%emt 0:00:08]} Ke5 {[%emt 0:00:19]} 100. Re8+ {[%emt 0:00:29]} Kd6 {[%emt 0:00:07]} 101. Kf1 {[%emt 0:00:05]} Kd5 {[%emt 0:00:06]} 102. Ra8 {[%emt 0:01:13]} Ke4 {[%emt 0:00:18]} 103. Ra2 {[%emt 0:00:30]} d3 {[%emt 0:00:26]} 104. Rxf2 {[%emt 0:00:34]} Rxf2+ {[%emt 0:00:07]} 105. Kxf2 {[%emt 0:00:08]} Kf4 {[%emt 0:00:07]} 106. Kf1 {[%emt 0:00:18]} Kf3 {[%emt 0:00:05]} 107. Ke1 {[%emt 0:00:02]} Ke3 {[%emt 0:00:04]} 0-1

[Event "2nd Irena Warakomska Memorial-A"]
[Site "Suwalki"]
[Date "2018.08.07"]
[Round "8"]
[White "Wacior, Maciej"]
[Black "Lewtak, Dominik"]
[Result "1-0"]
[WhiteElo "2081"]
[BlackElo "2164"]
[Annotator "NA"]
[PlyCount "63"]
[EventDate "2018.08.01"]
[EventType "swiss"]
[EventCountry "POL"]
[SourceTitle "playchess.com"]
[Source "ChessBase"]
[SourceQuality "1"]
[TimeControl "40/5400+30:1800+30"]

1. d4 {[%emt 0:00:00]} g6 {[%emt 0:00:00]} 2. Bf4 {[%emt 0:00:00]} Bg7 {[%emt 0:00:00]} 3. e3 {[%emt 0:00:00]} d6 {[%emt 0:00:00]} 4. Nf3 {[%emt 0:01:32]} Nd7 {[%emt 0:00:17]} 5. c3 {[%emt 0:01:07]} e5 {[%emt 0:00:20]} 6. Bg3 {[%emt 0:00:16]} Qe7 {[%emt 0:00:35]} 7. a4 {[%emt 0:02:19]} a5 {[%emt 0:04:46]} 8. Na3 {[%emt 0:01:53]} Nh6 {[%emt 0:05:56]} 9. h3 {[%emt 0:02:19]} O-O {[%emt 0:01:37]} 10. Be2 {[%emt 0:01:45]} Nf5 {[%emt 0:05:01]} 11. Bh2 {[%emt 0:00:06]} Nb6 {[%emt 0:01:40]} 12. O-O {[%emt 0:17:18]} Bd7 {[%emt 0:05:27]} 13. Nc4 {[%emt 0:03:07]} e4 {[%emt 0:05:55]} 14. Nxb6 {[%emt 0:03:30]} cxb6 {[%emt 0:05:43]} 15. Nd2 {[%emt 0:00:06]} d5 {[%emt 0:01:01]} 16. Qb3 {[%emt 0:01:23]} Bh6 {[%emt 0:02:10]} 17. Kh1 {[%emt 0:04:09]} Qe6 {[%emt 0:01:01]} 18. c4 {[%emt 0:00:53]} Nxd4 {[%emt 0:00:28]} 19. exd4 {[%emt 0:01:11]} Bxd2 {[%emt 0:00:08]} 20. cxd5 {[%emt 0:00:02]} Qf6 {[%emt 0:01:26]} 21. Be5 {[%emt 0:04:46]} Qh4 {[%emt 0:00:09]} 22. Qxb6 {[%emt 0:00:26]} Bf4 {[%emt 0:09:14]} 23. Ra3 {[%emt 0:19:54]} Bf5 {[%emt 0:01:37]} 24. g4 {[%emt 0:04:29]} e3 {[%emt 0:05:01]} 25. Bxf4 {[%emt 0:00:07]} Qxh3+ {[%emt 0:00:06]} 26. Kg1 {[%emt 0:00:03]} Ra6 {[%emt 0:04:13]} 27. Qxb7 {[%emt 0:01:52]} Be4 {[%emt 0:00:52]} 28. f3 {[%emt 0:00:07]} g5 {[%emt 0:00:20]} 29. Bh2 {[%emt 0:05:16]} Rf6 {[%emt 0:01:21]} 30. Rxe3 {[%emt 0:01:02]} Bg6 {[%emt 0:02:06]} 31. Qc7 {[%emt 0:00:22]} h5 {[%emt 0:02:15]} 32. Qg3 {[%emt 0:00:29]} 1-0

[Event "2nd Irena Warakomska Memorial-A"]
[Site "Suwalki"]
[Date "2018.08.07"]
[Round "8"]
[White "Lisowski, Krzysztof"]
[Black "Sliwerski, Radoslaw"]
[Result "1/2-1/2"]
[WhiteElo "2072"]
[BlackElo "1990"]
[Annotator "NA"]
[PlyCount "119"]
[EventDate "2018.08.01"]
[EventType "swiss"]
[EventCountry "POL"]
[SourceTitle "playchess.com"]
[Source "ChessBase"]
[SourceQuality "1"]
[TimeControl "40/5400+30:1800+30"]

1. e4 {[%emt 0:00:00]} c5 {[%emt 0:00:00]} 2. Nf3 {[%emt 0:00:00]} d6 {[%emt 0:00:00]} 3. Bb5+ {[%emt 0:00:03]} Nd7 {[%emt 0:00:10]} 4. Ba4 {[%emt 0:00:11]} a6 {[%emt 0:10:45]} 5. c4 {[%emt 0:00:14]} Ngf6 {[%emt 0:03:57]} 6. O-O {[%emt 0:00:07]} g6 {[%emt 0:01:15]} 7. Nc3 {[%emt 0:00:24]} Bg7 {[%emt 0:01:06]} 8. d3 {[%emt 0:01:29]} O-O {[%emt 0:01:39]} 9. h3 {[%emt 0:00:11]} h6 {[%emt 0:06:11]} 10. Be3 {[%emt 0:00:15]} e5 {[%emt 0:00:24]} 11. Qd2 {[%emt 0:05:15]} Kh7 {[%emt 0:00:10]} 12. Rab1 {[%emt 0:01:54]} Nb6 {[%emt 0:11:15]} 13. Bc2 {[%emt 0:06:17]} a5 {[%emt 0:06:31]} 14. b3 {[%emt 0:08:26]} Nh5 {[%emt 0:05:21]} 15. Nh2 {[%emt 0:17:53]} Nf4 {[%emt 0:03:45]} 16. Ne2 {[%emt 0:01:32]} f5 {[%emt 0:09:36]} 17. f3 {[%emt 0:09:48]} Nxe2+ {[%emt 0:02:47]} 18. Qxe2 {[%emt 0:00:05]} f4 {[%emt 0:00:04]} 19. Bf2 {[%emt 0:00:55]} h5 {[%emt 0:00:16]} 20. a3 {[%emt 0:02:31]} Nd7 {[%emt 0:02:50]} 21. b4 {[%emt 0:00:40]} axb4 {[%emt 0:00:06]} 22. axb4 {[%emt 0:00:04]} b6 {[%emt 0:00:20]} 23. Ra1 {[%emt 0:04:32]} Rxa1 {[%emt 0:08:17]} 24. Rxa1 {[%emt 0:00:04]} Qc7 25. Bd1 {[%emt 0:09:06]} Bb7 {[%emt 0:02:12]} 26. Qb2 {[%emt 0:02:09]} Ra8 {[%emt 0:01:21]} 27. Rxa8 {[%emt 0:04:10]} Bxa8 {[%emt 0:00:01]} 28. Qa3 {[%emt 0:00:16]} Bc6 {[%emt 0:02:01]} 29. Nf1 {[%emt 0:01:25]} Bf6 {[%emt 0:01:15]} 30. Nd2 {[%emt 0:03:09]} Qb7 {[%emt 0:02:51]} 31. Nb1 Qa8 32. Qxa8 {[%emt 0:10:19]} Bxa8 {[%emt 0:00:43]} 33. Ba4 {[%emt 0:02:12]} Nb8 {[%emt 0:01:05]} 34. Nc3 {[%emt 0:01:01]} Bc6 {[%emt 0:02:54]} 35. Bb3 {[%emt 0:03:33]} Be7 {[%emt 0:04:02]} 36. Kf1 {[%emt 0:02:14]} g5 {[%emt 0:01:53]} 37. Ke2 {[%emt 0:00:35]} Kg6 {[%emt 0:00:20]} 38. Kd1 {[%emt 0:01:32]} Bd7 {[%emt 0:01:10]} 39. Nd5 {[%emt 0:00:49]} Bd8 {[%emt 0:00:08]} 40. Kd2 g4 {[%emt 0:00:00]} 41. hxg4 {[%emt 0:05:05]} hxg4 {[%emt 0:04:42]} 42. fxg4 Kg5 {[%emt 0:05:59]} 43. Bd1 {[%emt 0:14:39]} Bxg4 {[%emt 0:00:22]} 44. Ba4 Bd7 {[%emt 0:01:31]} 45. Bd1 {[%emt 0:04:52]} Be6 46. Kc3 {[%emt 0:03:09]} Nc6 {[%emt 0:06:59]} 47. b5 {[%emt 0:01:17]} Ne7 {[%emt 0:00:29]} 48. Nxe7 {[%emt 0:01:06]} Bxe7 {[%emt 0:00:01]} 49. Kd2 {[%emt 0:01:54]} Bg4 {[%emt 0:00:13]} 50. Bf3 {[%emt 0:01:57]} Kh5 {[%emt 0:03:56]} 51. Ke2 {[%emt 0:00:45]} Bh4 {[%emt 0:00:32]} 52. Bg1 {[%emt 0:02:00]} Bg3 53. Kf1 {[%emt 0:03:12]} Kh4 {[%emt 0:04:16]} 54. Ke2 {[%emt 0:00:13]} Bxf3+ {[%emt 0:01:02]} 55. Kxf3 {[%emt 0:00:50]} Kh5 {[%emt 0:01:25]} 56. Be3 Be1 {[%emt 0:04:09]} 57. Bc1 {[%emt 0:00:55]} Bc3 {[%emt 0:00:46]} 58. g3 {[%emt 0:00:42]} fxg3 {[%emt 0:00:44]} 59. Kxg3 {[%emt 0:00:08]} Be1+ {[%emt 0:00:31]} 60. Kh3 1/2-1/2

[Event "2nd Irena Warakomska Memorial-A"]
[Site "Suwalki"]
[Date "2018.08.07"]
[Round "8"]
[White "Maj, Pawel"]
[Black "Jaroch, Karol"]
[Result "1/2-1/2"]
[WhiteElo "2071"]
[BlackElo "2222"]
[Annotator "NA"]
[PlyCount "61"]
[EventDate "2018.08.01"]
[EventType "swiss"]
[EventCountry "POL"]
[SourceTitle "playchess.com"]
[Source "ChessBase"]
[SourceQuality "1"]
[TimeControl "40/5400+30:1800+30"]

1. c4 {[%emt 0:00:00]} e6 {[%emt 0:00:01]} 2. g3 {[%emt 0:00:00]} Nf6 {[%emt 0:00:06]} 3. Bg2 {[%emt 0:00:00]} Be7 {[%emt 0:02:02]} 4. Nf3 {[%emt 0:00:00]} O-O {[%emt 0:00:17]} 5. O-O {[%emt 0:00:03]} d5 {[%emt 0:01:24]} 6. d4 {[%emt 0:00:58]} Nbd7 {[%emt 0:00:45]} 7. Qc2 {[%emt 0:01:55]} c5 {[%emt 0:02:55]} 8. dxc5 {[%emt 0:07:39]} Nxc5 {[%emt 0:05:02]} 9. Rd1 {[%emt 0:01:18]} b6 {[%emt 0:11:34]} 10. Nc3 {[%emt 0:04:46]} Bb7 {[%emt 0:00:20]} 11. Bg5 {[%emt 0:21:38]} Rc8 {[%emt 0:07:41]} 12. cxd5 {[%emt 0:06:50]} Nxd5 {[%emt 0:01:40]} 13. Bxe7 {[%emt 0:08:44]} Qxe7 {[%emt 0:04:25]} 14. Rd4 {[%emt 0:02:31]} Nxc3 {[%emt 0:05:30]} 15. Qxc3 {[%emt 0:01:38]} e5 {[%emt 0:03:51]} 16. Qe3 {[%emt 0:01:05]} Rce8 {[%emt 0:07:49]} 17. Rd2 {[%emt 0:02:40]} f5 {[%emt 0:00:21]} 18. Rad1 {[%emt 0:04:05]} f4 {[%emt 0:07:50]} 19. gxf4 {[%emt 0:01:50]} Rxf4 {[%emt 0:00:27]} 20. a3 {[%emt 0:01:36]} Re4 {[%emt 0:09:37]} 21. Qg5 {[%emt 0:08:26]} Qxg5 {[%emt 0:00:28]} 22. Nxg5 {[%emt 0:00:04]} Rg4 {[%emt 0:00:06]} 23. Nf3 {[%emt 0:00:06]} Rxg2+ {[%emt 0:06:48]} 24. Kxg2 {[%emt 0:00:05]} e4 {[%emt 0:00:04]} 25. b4 {[%emt 0:00:27]} exf3+ {[%emt 0:09:25]} 26. exf3 {[%emt 0:00:05]} Ne6 {[%emt 0:00:14]} 27. Rd7 {[%emt 0:00:15]} Bc6 {[%emt 0:00:04]} 28. Rxa7 {[%emt 0:00:52]} Rf8 {[%emt 0:00:26]} 29. Rd6 {[%emt 0:01:37]} Bxf3+ {[%emt 0:00:07]} 30. Kf1 {[%emt 0:08:17]} Nf4 {[%emt 0:05:07]} 31. Rdd7 {[%emt 0:01:35]} 1/2-1/2

[Event "2nd Irena Warakomska Memorial-A"]
[Site "Suwalki"]
[Date "2018.08.07"]
[Round "8"]
[White "Fiedorek, Michal"]
[Black "Paszewski, Mateusz"]
[Result "1/2-1/2"]
[WhiteElo "1970"]
[BlackElo "2274"]
[Annotator "NA"]
[PlyCount "90"]
[EventDate "2018.08.01"]
[EventType "swiss"]
[EventCountry "POL"]
[SourceTitle "playchess.com"]
[Source "ChessBase"]
[SourceQuality "1"]
[TimeControl "40/5400+30:1800+30"]

1. e4 {[%emt 0:00:00]} c6 {[%emt 0:00:00]} 2. d4 {[%emt 0:00:00]} d5 {[%emt 0:00:00]} 3. Nc3 {[%emt 0:00:00]} dxe4 {[%emt 0:00:00]} 4. Nxe4 {[%emt 0:00:04]} Nf6 {[%emt 0:00:00]} 5. Nxf6+ {[%emt 0:01:01]} gxf6 {[%emt 0:00:34]} 6. c3 {[%emt 0:06:17]} h5 {[%emt 0:00:13]} 7. Be2 {[%emt 0:07:15]} h4 {[%emt 0:00:48]} 8. h3 {[%emt 0:00:17]} Bf5 {[%emt 0:07:11]} 9. Bf4 {[%emt 0:08:35]} Nd7 {[%emt 0:02:39]} 10. Nf3 {[%emt 0:07:13]} e6 {[%emt 0:04:06]} 11. Qb3 {[%emt 0:11:25]} Qb6 12. Nd2 {[%emt 0:05:49]} Bh6 {[%emt 0:29:34]} 13. Bxh6 {[%emt 0:04:37]} Qxb3 {[%emt 0:01:55]} 14. axb3 {[%emt 0:00:57]} Rxh6 {[%emt 0:00:08]} 15. Nc4 {[%emt 0:00:57]} Ke7 {[%emt 0:01:04]} 16. Bf3 {[%emt 0:04:51]} a6 {[%emt 0:01:42]} 17. b4 {[%emt 0:07:29]} Rb8 {[%emt 0:04:52]} 18. O-O-O {[%emt 0:07:17]} Kd8 {[%emt 0:06:12]} 19. b3 {[%emt 0:05:10]} Kc7 {[%emt 0:04:07]} 20. Kb2 {[%emt 0:01:38]} Rg8 {[%emt 0:06:26]} 21. Ne3 {[%emt 0:03:06]} Bg6 {[%emt 0:03:08]} 22. g4 {[%emt 0:02:04]} hxg3 {[%emt 0:01:49]} 23. fxg3 {[%emt 0:00:09]} f5 {[%emt 0:00:21]} 24. g4 fxg4 {[%emt 0:11:34]} 25. hxg4 {[%emt 0:02:36]} Rxh1 {[%emt 0:00:09]} 26. Rxh1 {[%emt 0:00:05]} e5 {[%emt 0:00:08]} 27. Re1 {[%emt 0:04:33]} Rh8 28. Rh1 {[%emt 0:02:31]} Re8 {[%emt 0:03:58]} 29. Re1 {[%emt 0:00:08]} Rh8 {[%emt 0:01:56]} 30. Rh1 {[%emt 0:00:06]} Re8 {[%emt 0:02:24]} 31. Re1 {[%emt 0:00:08]} Rd8 {[%emt 0:05:08]} 32. Nc4 {[%emt 0:05:52]} exd4 {[%emt 0:00:32]} 33. cxd4 {[%emt 0:00:05]} Rh8 {[%emt 0:00:19]} 34. Re7 {[%emt 0:01:16]} Rh2+ {[%emt 0:00:57]} 35. Kc1 {[%emt 0:00:47]} Kd8 {[%emt 0:00:22]} 36. Re2 {[%emt 0:00:51]} Rxe2 {[%emt 0:02:12]} 37. Bxe2 {[%emt 0:00:05]} Nf6 {[%emt 0:00:04]} 38. Bf3 {[%emt 0:01:11]} Kc7 {[%emt 0:01:04]} 39. Kd2 {[%emt 0:01:07]} Nh7 {[%emt 0:00:52]} 40. Bd1 {[%emt 0:00:00]} Ng5 {[%emt 0:00:00]} 41. Ke3 {[%emt 0:02:46]} f6 {[%emt 0:03:18]} 42. Kf4 {[%emt 0:05:22]} Bh7 {[%emt 0:17:35]} 43. Ke3 {[%emt 0:07:18]} Bg6 {[%emt 0:01:52]} 44. Kf4 {[%emt 0:00:15]} Bh7 {[%emt 0:00:58]} 45. Ke3 {[%emt 0:00:18]} Bg6 {[%emt 0:07:32] Ke4} 1/2-1/2

[Event "2nd Irena Warakomska Memorial-A"]
[Site "Suwalki"]
[Date "2018.08.08"]
[Round "9"]
[White "Socko, Bartosz"]
[Black "Aleksandrov, Aleksej"]
[Result "0-1"]
[WhiteElo "2611"]
[BlackElo "2585"]
[Annotator "TA"]
[PlyCount "80"]
[EventDate "2018.08.01"]
[EventType "swiss"]
[EventCountry "POL"]
[SourceTitle "playchess.com"]
[Source "ChessBase"]
[SourceQuality "1"]

{[%evp 22,80,32,43,75,80,77,39,35,0,0,0,-9,-29,-20,-22,0,0,0,0,0,0,0,0,0,0,116,110,118,66,69,21,40,0,79,85,118,108,104,100,119,83,115,0,3,16,152,155,170,184,179,185,187,186,153,-291,-282,-317,-277,-1730,-1579]} 1. d4 Nf6 2. c4 e6 3. Nf3 d5 4. g3 Be7 5. Bg2 O-O 6. O-O dxc4 7. Ne5 Nc6 8. Nxc6 bxc6 9. Na3 Bxa3 10. bxa3 Nd5 11. Qa4 Nb6 12. Qa5 {LiveBook: 20 Partien. E05: Katalanisch} Qxd4 (12... Bb7 13. Rd1 Qc8 14. Rb1 Rd8 15. e4 Ba6 16. a4 c5 17. d5 exd5 18. exd5 Bb7 19. Qxc5 Nxa4 20. Qxc4 {½-½ (45) Howell,D (2685)-Speelman,J (2510) England 2017}) 13. Be3 Qf6 14. Bxc6 {Weiß steht besser.} Rb8 15. Bg5 Qg6 $1 16. Be7 e5 $1 17. Bg2 (17. Qc5 $5 {[%cal Re7f8]} Bh3 18. Rfd1 $11) 17... Re8 18. Qxa7 $146 ({Vorgänger:} 18. Qxe5 Be6 19. Bb4 Bd5 20. Qxc7 Bxg2 21. Kxg2 {0-1 (44) Capone,N (2329)-Godart,F (2411) Charleroi 2017}) 18... Bh3 19. Bxh3 {zielt auf Lc5 ab.} Qc6 $1 {Weiss muss nun ...Ta8 beachten.} 20. Bg2 e4 {Droht ...Ta8 und aus.} 21. Rfd1 Ra8 22. Bxe4 $1 Qxe4 23. Qxc7 Na4 (23... Qxe7 $11 24. Qxb6 Qxe2) 24. Bb4 $16 c3 25. Rac1 ({Aber nicht} 25. Bxc3 $2 Rac8 $19) ({Günstiger ist} 25. Rd7 $1 $16) 25... Qxe2 $14 26. Qc6 ({Nur nicht} 26. Bxc3 $2 Rac8 $19) 26... h6 27. Qd5 ({Bitte nicht} 27. Bxc3 Rec8 $15) 27... Rec8 (27... Rac8 $11 {bleibt in der Remisbreite.}) 28. Re1 $36 {[%mdl 2048] Schwarz muss aufpassen.} Qa6 29. Re7 Qf6 30. Rc7 {[%cal Rb4c3]} Rab8 31. Ra7 Nb2 {[#]} 32. Rc2 (32. Rd7 $1 $16) 32... Rd8 $11 33. Rd7 Rxd7 (33... Na4 $11 {hält das Gleichgewicht.}) 34. Qxd7 $16 Rd8 35. Bxc3 Qg5 36. Qc6 Nd3 {beabsichtigt ...Df5.} 37. Rd2 Qf5 38. Re2 $2 (38. Qa4 $16) 38... Rc8 $19 39. Re8+ {[#]} Kh7 $1 40. Rh8+ $2 (40. Qe4 Qxe4 41. Rxe4 Rxc3 42. a4) 40... Rxh8 {Precision: Weiß = 39%, Schwarz = 48%.} 0-1